000
00367nam a2200133Ia 4500
008
151001s9999||||xx |||||||||||||| ||und||
100
_a
अरुण शेवते
245
_a
हाती ज्यांच्या शून्य होते
250
_a
2
260
_b
ऋतुरंग
260
_c
2005
300
_a
232
365
_b
21
999
_c
985324
_d
985321